| 000 | 00440cam a2200193ua 4500 | ||
|---|---|---|---|
| 001 | 7809 | ||
| 008 | 141224n ii |||gr||||Z||||||ben | ||
| 040 | _cMAIN | ||
| 041 | _aben | ||
| 082 | _a796.358 | ||
| 100 |
_aDutta, J., _eAuthor. |
||
| 245 | 1 |
_aHows that _cBy Jayanta Dutta |
|
| 250 | _a1st. | ||
| 260 |
_aKolkatta: _bDey, _c1976. |
||
| 300 | _a86p. | ||
| 653 | _aAthletic & outdoor sports & games | ||
| 653 | _aCricket | ||
| 942 | _cBK | ||
| 999 |
_c6929 _d6929 |
||